LEADER 00915nam0-22002771i-450- 001 990007441590403321 005 20030530 035 $a000744159 035 $aFED01000744159 035 $a(Aleph)000744159FED01 035 $a000744159 100 $a20030530d1967----km-y0itay50------ba 101 0 $ager 105 $ay---m---001yy 200 1 $aVerfassungsrechtliche Probleme im Zusammenhang mit Rechnungsprüfung und Rechnungshof$eein Versuch der Auslegung des Art. 114 Grundgesetz$fBernd-Peter Lange 210 $a[Bonn$cs.n.]$d1967 215 $a206 p.$d24 cm 328 $aDiss. Bonn, 1967 700 1$aLange,$bBernd-Peter$0268848 801 0$aIT$bUNINA$gRICA$2UNIMARC 901 $aBK 912 $a990007441590403321 952 $aDISSERTAZIONI R II 2$b91492$fFGBC 959 $aFGBC 996 $aVerfassungsrechtliche Probleme im Zusammenhang mit Rechnungsprüfung und Rechnungshof$9678659 997 $aUNINA LEADER 00844nam0-2200265 --450 001 9910473256003321 005 20210607122140.0 010 $a9780367473280 100 $a20210607d2021----kmuy0itay5050----ba 101 0 $aeng 200 1 $aSynthetic peptide vaccine models$edesign, synthesis, purification, and characterization$fedited by U?sku?dar University Assoc. Prof. Mesut Karahan 210 1$aBoca Raton :$cCRC Press,$d2021 215 $axix, 292 p.$d24 cm 610 0 $aVaccini sintetici 610 0 $aVaccini sub-unità 610 0 $aImmunologia 676 $a615.372 702 1$aKarahan,$bMesut$f<1977- > 801 0$aIT$bUNINA$gRICA$2UNIMARC 901 $aBK 912 $a9910473256003321 952 $a80 293/XIV D 53$bBFA293/2021$fFFABC 959 $aFFABC 996 $aSynthetic peptide vaccine models$91806617 997 $aUNINA